Pozice cestovního ruchu v přeshraniční spolupráci na příkladu obcí při česko-rakouské hranici

Vystihnutie súčasnej situácie, príp. nedávneho vývoja cezhraničnej spolupráce (cezhraničných aspektov) na česko-rakúskej hranici.

Salvato in:
Dettagli Bibliografici
Autore principale: Jeřábek, Milan
Natura: Capitolo di libro
Lingua:ceco
Soggetti:
Tags: Aggiungi Tag
Nessun Tag, puoi essere il primo ad aggiungerne!!

MARC

LEADER 00000naa a2200000 4500
001 0306773
005 20250204131002.9
041 0 |a cze 
044 |a CZ 
245 1 0 |a Pozice cestovního ruchu v přeshraniční spolupráci na příkladu obcí při česko-rakouské hranici  |c Milan Jeřábek 
520 |a Vystihnutie súčasnej situácie, príp. nedávneho vývoja cezhraničnej spolupráce (cezhraničných aspektov) na česko-rakúskej hranici. 
610 2 0 |a hranice štátne 
610 2 0 |a Česko 
610 2 0 |a Rakúsko 
610 2 0 |a obce 
610 2 0 |a spolupráca cezhraničná 
610 2 0 |a ruch cestovný 
100 1 |a Jeřábek, Milan